000 00779nam a22002657a 4500
001 871135
003 DO-SdBNP
005 20180221091208.0
007 871135
008 030728s1999 sp | ||| ||spa
016 7 _2BPMSU
020 _a8434850516
040 _aBPMSU
_bspa
_cBPMSU
100 1 _aLairla, Sergio
_d1960-
245 1 3 _aEl charco del príncipe Andreas
_cSergio Lairla ; ilustraciones de Ana G. Lartitegui
250 _a4ª ed.
260 _aMadrid :
_bSM,
_c1999
300 _a54 p. ;
_bil. :
_c19 cm.
490 1 _aEl barco de vapor. [Serie blanca]
_v64
700 1 _aLartitegui, Ana G.
_d1961-
830 3 _aEl barco de vapor.
_pSerie blanca
_v64
942 _2ddc
_cBK
945 _ainventariado, 2018 / dg
956 _aVMATEO
_210
_320151120
_6BPMSU
_800151
999 _c8832
_d8832